01908 a2200229 45000010006000000050017000060080041000230030015000640400040000790800058001192450075001770200018002522640034002703000019003045051132003239420007014555900036014621000024014987000029015229990015015519520112015665502820260407155826.0260407a2005 arg spa dAR-UNSa-BCEJYS aAR-UNSa-BCEJYSbspacAR-UNSa-BCEJYS a330.567.28xEconomía y Finanzas de los particulares10aRetírate joven y ricop¡Cómo volverse rico pronto y para siempre! a987-04-0200-3 1aBuenos Aires :bAguilarc2005 a507 p.c24 cm. a1. Por qué David conoció a Goliat – 2. El apalancamiento de tu mente – 3. Como hacerte rico y retirarte joven – 4. ¿Por qué retirarse lo más joven posible? – 5. Como me retire prematuramente – 6. Como tú puedes retirarte pronto – 7. El apalancamiento de tu mente – 8. ¿Qué consideras arriesgado? – 9. Como trabajar menos y ganar más – 10. La forma más fácil de hacerte rico rápidamente: un resumen de apalancamiento mental – 11. El apalancamiento de tu plan – 12. ¿Qué tan rápido es tu plan? – 13. El apalancamiento de ver un futuro rico – 14. El apalancamiento de la integridad – 15. El apalancamiento de los cuentos de hadas – 16. El apalancamiento de la generosidad – 17. El apalancamiento de tus actos – 18. El apalancamiento de los hábitos – 19. El apalancamiento de tu dinero – 20. El apalancamiento de los bienes raíces – 21. El apalancamiento de los activos en documentos – 22. El apalancamiento de un negocio del cuadrante D – 23. Excelentes tipos – 24. La prueba final – 25. El apalancamiento del primer paso – 26. Como seguir adelante  cBK aniveau_biblio:m niveau_hierar:01 aKiyosaki, Robert T.1 aGiovine, María Anndrea c5873d5873 00104070aBCEJYSbBCEJYSc16d2026-04-07l0o330.567.28 K46rpL116827r2026-04-07 15:58:26w2026-04-07yL